Malá polepšovňa (pre rodičov)

Bibliographic Details
Main Author: Škoviera, Albín, 1949- (Author)
Format: Book
Language:Slovak
PhysicalDescription:89 s. 19 cm
Published: Bratislava Petrus Linka detskej istoty 2005
ISBN:8088939968
Edition:[1. vyd.]
Subjects:

MARC

LEADER 00000nam a2200000 a 4500
001 vtls001493468
003 SK-MaSNL
005 20260302073816.0
008 240314s2005 xo f 000 0 slo
015 |a SNBA2005/04-01477 
020 |a 8088939968  |q (brož.) 
035 |a 21C3C76A-85AE-4337-9CF5-C7B7B998C50E 
035 |a urn:nbn:sk:snk-amjdtx 
035 |a urn:nbn:sk:snk-am000zvd 
040 |a SNK  |b slo  |c SNK  |e AACR2 
041 0 |a slo 
044 |a xo  |c SK 
072 7 |a 17  |x Etika. Morálna filozofia  |2 konspekt 
072 7 |a 37  |x Výchova a vzdelávanie  |2 konspekt 
080 |a 316.356.2  |2 1997 
080 |a 37.013.42  |2 1997 
080 |a (0:82-4)  |2 1997 
080 |a 173.5/.7  |2 1997 
100 1 |a Škoviera, Albín,  |d 1949-  |4 aut  |9 209971 
245 1 0 |a Malá polepšovňa (pre rodičov)  |c Albín Škoviera 
250 |a [1. vyd.] 
260 |a Bratislava  |b Petrus  |b Linka detskej istoty  |c 2005 
300 |a 89 s.  |c 19 cm 
650 0 7 |a rodičia a deti  |2 SNKPH  |9 63347 
650 0 7 |a rodinné vzťahy  |2 SNKPH  |9 3865 
650 0 7 |a sociálna pedagogika  |2 SNKPH  |9 16623 
655 7 |a úvahy  |2 SNKPH  |9 29403 
919 |a 80-88939-96-8 
968 |d 1 
999 |c 1162497  |d 1164427 
952 |a SNK  |b SNK  |y PREZ  |7 0  |p 17A0457802  |o snkSD 74556  |i snk2005/2195  |8 0  |0 0  |1 0  |4 0  |d 2005-02-11  |l 0  |r 2025-11-21 00:00:00  |w 2026-02-24 
952 |a SNK  |b SNKPULT  |y VYP  |7 0  |p 17A0457801  |o snkSD 74556 D1  |i snk2005/12802  |8 0  |0 0  |1 0  |4 0  |d 2005-02-11  |f 1  |l 1  |m 1  |q 2026-06-01  |r 2026-03-23 14:26:47  |s 2026-03-23  |w 2026-02-24